Focus sur: Daeron - Tolkien - Statistiques

Statistiques générales
  • Ce quiz a été pris 11 fois
  • Le résultat moyen est 6 sur 7
Statistiques - réponses
Informations recherchées Réponses % Correct
Espèce Elfe
100%
Première apparition Le Silmarillion
100%
Age durant lequel il vécut Premier
100%
Couleur des cheveux "Sombre"
100%
Royaume Doriath
83%
Groupe de l'espèce Sindar
83%
Profession Barde/poète
50%
Aucun quiz correspondant
Distribution des résultats
% des personnes avec chaque résultat
Percentile par nombre de réponses
Votre historique - résultats
Vous n’avez pas pris ce quiz